Portafolio proyectos de inversión turística (Registro nro. 32190)

Detalles MARC
000 -CABECERA
Longitud fija campo de control 00678nam a22001937a 4500
003 - IDENTIFICADOR DELl NÚMERO DE CONTROL
Identificador del número de control OSt
005 - FECHA Y HORA DE LA ÚLTIMA TRANSACCIÓN
Fecha y hora de la última transacción 20210630151843.0
008 - CÓDIGOS DE INFORMACIÓN DE LONGITUD FIJA
Códigos de información de longitud fija 210526b ||||| |||| 00| 0 eng d
040 ## - FUENTE DE LA CATALOGACIÓN
Centro transcriptor BCRI
082 ## - NÚMERO DE LA CLASIFICACIÓN DECIMAL DEWEY
Númeroo de clasificación 658.15
110 2# - PUNTO DE ACCESO PRINCIPAL-NOMBRE DE ENTIDAD CORPORATIVA
9 (RLIN) 40231
Nombre de entidad corporativa o nombre de jurisdicción como elemento inicial Corporación Salvadoreña de Turismo (CORSATUR)
245 ## - MENCIÓN DE TÍTULO
Título Portafolio proyectos de inversión turística
Resto del título : 2017
Mención de responsabilidad, etc. Corporación Salvadoreña de Turismo
250 ## - MENCIÓN DE EDICIÓN
Mención de edición N° 7
260 ## - PUBLICACIÓN, DISTRIBUCIÓN, ETC. (PIE DE IMPRENTA)
Lugar de publicación, distribución, etc. San Salvador
Nombre del editor, distribuidor, etc. Corporación Salvadoreña de Turismo
Fecha de publicación, distribución, etc. 2017
300 ## - DESCRIPCIÓN FÍSICA
Extensión 47 p.
Otras características físicas il.
Dimensiones 23 cm.
500 ## - NOTA GENERAL
Nota general Contenido en idioma español e inglés<br/>Tabla de contenido en p.1
650 #0 - PUNTO DE ACCESO ADICIONAL DE MATERIA - T&Eacute;RMINO DE MATERIA
9 (RLIN) 3246
Término de materia o nombre geográfico como elemento inicial Proyectos de inversión
942 ## - ENTRADA DE ELEMENTOS AGREGADOS (KOHA)
Fuente de clasificai&oacute;n o esquema Dewey Decimal Classification
Koha [por defecto] tipo de item 1- Monografias
Parte de clasificaci&oacute;n prozim
Existencias
Suprimido Perdido Fuente de clasificaci&oacute;n o esquema Estropeado Restricciones de uso No para pr&eacute;stamo C&oacute;digo de colecci&oacute;n Localizaci&oacute;n permanente Localizaci&oacute;n actual Localizaci&oacute;n en estanter&&iacute;acute;as Fecha adquisici&oacute;n Fuente de adquisici&oacute;n N&uacute;mero de inventario Pr&eacute;stamos totales Signatura completa C&oacute;digo de barras Fecha &uacute;ltima consulta Fecha del precio de reemplazo Tipo de item de Koha Fecha &uacute;ltimo pr&eacute;stamo
NULL NULL Dewey Decimal Classification NULL Prestable NULL NULL Biblioteca Centro Regional de Ilobasco Biblioteca Centro Regional de Ilobasco Sala Principal 11/01/2021 Donado por Escuela de Turismo LI005232   658.15 COR por 1048208 26/05/2021 26/05/2021 1- Monografias  
NULL NULL Dewey Decimal Classification NULL Prestable NULL NULL Biblioteca Centro Regional de Ilobasco Biblioteca Centro Regional de Ilobasco Sala Principal 11/01/2021 Donado por Escuela de Turismo LI005233 1 658.15 COR por 1048209 23/11/2022 26/05/2021 1- Monografias 23/11/2022
NULL NULL Dewey Decimal Classification NULL Prestable NULL NULL Biblioteca Centro Regional de Ilobasco Biblioteca Centro Regional de Ilobasco Sala Principal 11/01/2021 Donado por Escuela de Turismo LI005234   658.15 COR por 1048210 26/05/2021 26/05/2021 1- Monografias